| 000 | 00557cam a2200193ua 4500 | ||
|---|---|---|---|
| 001 | 1129 | ||
| 008 | 110428n ii |||gr||||Z||||||eng | ||
| 020 | _a0-07-010813-7 | ||
| 040 | _cMAIN | ||
| 082 | _a330.1543 | ||
| 245 | 1 |
_aFundamental methods of mathematical economics _cby Alpha C.Chiang |
|
| 250 | _a3rd. | ||
| 260 |
_aSingapore: _bMcgraw-hall book company,984. |
||
| 300 |
_axii, 788p.: _bill.; _c25cm. |
||
| 653 | _aPolitical science | ||
| 653 | _aFundamental methods of mathematical economics | ||
| 700 |
_aChiang, Alpha C., _eAuthor. |
||
| 942 | _cBK | ||
| 999 |
_c1041 _d1041 |
||